| 000 | 00635nam a2200241M 4500 | ||
|---|---|---|---|
| 001 | 43838 | ||
| 005 | 20230410132759.0 | ||
| 008 | 801216s1961 it 000 0 ita d | ||
| 035 | _a(OCoLC)ocm74361033 | ||
| 040 |
_aCDN _cCDN |
||
| 035 | _a(OCoLC)74361033 | ||
| 050 | 1 | 4 |
_aQC331 _b.D278e .1961 |
| 049 | _aGRAL | ||
| 100 | 1 | _aDe Tivoli, Arnoldo. | |
| 245 | 1 | 0 | _aEnergia raggiante. |
| 260 |
_a[Torino] : _bEdizioni rai radiotelevisione italiana, _c[1961] |
||
| 300 | _a136 p. | ||
| 490 | 0 |
_aClasse unica ; _v116. |
|
| 650 | 0 |
_aHeat _xRadiation and absorption. |
|
| 942 |
_2lcc _cbk |
||
| 994 |
_aC0 _bDRFGD |
||
| 946 | _aLspaulino | ||
| 999 |
_c87636 _d87636 |
||